| 000 | 00729nam a22002297a 4500 | ||
|---|---|---|---|
| 005 | 20170124105940.0 | ||
| 010 | _aB-162086 | ||
| 020 |
_c990.00 _a9788181160256 |
||
| 035 | _aB-162086 | ||
| 037 | _bCen Lib/Ret | ||
| 040 |
_aDPL _bEN |
||
| 082 |
_a338.4791 _bSHA |
||
| 100 |
_aSharma, Anil _93003 |
||
| 245 |
_aTourism management / _cby Anil Sharma |
||
| 260 |
_aNew Delhi _bMaxford Books _c2006 |
||
| 270 |
_bNew Delhi _a4393/4, Ansari Road, Darya Ganj _e110002 |
||
| 300 |
_avii,378p. _c22cm(Hb) |
||
| 500 | _aIncludes bibliographical references and index | ||
| 650 |
_aTourism -- Management _910879 |
||
| 650 |
_aTRAVEL -- Museums, Tours, Points of Interest _910880 |
||
| 942 |
_2ddc _cEN _h338.4791 _mSHA |
||
| 999 |
_c124474 _d124474 |
||